A carregar...

Realist novel /

Detalhes bibliográficos
Outros Autores: Walder, Dennis (Editor)
Formato: Printed Book
Idioma:English
Publicado em: London : Routledge, 1995.
Assuntos:
LEADER 00857nam a2200193Ia 4500
008 150623b xxu||||| |||| 00| 1 eng d
020 |a 0415135710 
020 |a 415135710 
082 |a 823.009 
245 |a Realist novel /  |c edited by Dennis Walder 
260 |a London :  |b Routledge,  |c 1995. 
300 |a 282 p. 
650 |v Fiction 
700 |a Walder, Dennis  |e editor. 
942 |c BK 
999 |c 48326  |d 48326 
952 |0 0  |1 0  |4 0  |6 823_009000000000000_WAL_R  |7 0  |9 48304  |a UL  |b UL  |c ST2  |d 1998-09-01  |l 1  |o 823.009 WAL/R  |p 70418  |r 2013-02-27  |s 2013-02-08  |w 2012-10-27  |y BK  |k BP 40.00 
952 |0 0  |1 0  |4 0  |6 823_009200000000000_WAL_R  |7 0  |9 48676  |a UL  |b UL  |c REF  |d 1998-08-27  |l 0  |o 823.0092 WAL/R  |p 71027  |r 2012-10-27  |w 2012-10-27  |y REF  |k BP 13.99 
952 |0 0  |1 0  |4 0  |6 820_900000000000000_WAL_R  |7 0  |9 211395  |a ENG  |b ENG  |c REF  |d 2015-10-20  |i 14880  |l 0  |o 820.9 WAL/R  |p ENG14880  |r 2015-10-20  |w 2015-10-20  |y REF